Dejepis pre stredné odborné školy a stredné odborné učilištia [2] Dejiny novoveku do revolučných rokov 1848-1849

Bibliographic Details
Main Authors: Fremal, Karol, 1943-2025 (Author), Chromeková, Valéria, 1935- (Author), Martuliak, Pavol, 1939- (Author), Matejkin, Stanislav, 1943- (Author)
Format: Book
Language:Slovak
PhysicalDescription:47 s. fareb. fotogr. a ilustr., mp. 29 cm
Published: Bratislava Orbis Pictus Istropolitana 2006
ISBN:8071587109 (brož.)
Edition:[1. vyd.]
Subjects:

MARC

LEADER 00000nam a2200000 a 4500
001 vtls008888916
003 SK-MaSNL
005 20260302075442.0
008 160129s2006 xo oab e p 000 0 slo
015 |a SNBA2007/04-01317 
020 |a 8071587109 (brož.) 
035 |a C04AEC42-966D-4E5F-9869-004FCEE22919 
035 |a urn:nbn:sk:snk-amjuy7 
035 |a urn:nbn:sk:snk-am007yt7 
040 |a SNK  |b slo  |c SNK  |e AACR2 
041 0 |a slo 
044 |a xo  |c SK 
072 7 |a 94(100)"04/ ..."  |x Dejiny stredoveku a novoveku (všeobecne)  |2 konspekt 
080 |a 93/94  |2 2001 
080 |a 94"15/..."  |2 2001 
080 |a (075.3)  |2 2001 
245 0 0 |a Dejepis pre stredné odborné školy a stredné odborné učilištia  |n [2]  |p Dejiny novoveku do revolučných rokov 1848-1849  |c [autori: Karol Fremal ... [et al.] 
246 3 0 |a Dejiny novoveku do revolučných rokov 1848-1849 
250 |a [1. vyd.] 
260 |a Bratislava  |b Orbis Pictus Istropolitana  |c 2006 
300 |a 47 s.  |b fareb. fotogr. a ilustr., mp.  |c 29 cm 
500 |a Fareb. fotogr. na tit. strane 
648 7 |a 1526-1849  |2 SNKPH  |9 742317 
650 0 7 |a dejepis  |2 SNKPH  |9 4288 
650 0 7 |a novovek  |2 SNKPH  |9 4260 
650 0 7 |a History  |2 SNKPHeng  |9 265139 
650 0 7 |a Modern history  |2 SNKPHeng  |9 285609 
655 7 |a učebnice stredných škôl  |2 SNKPH  |9 69323 
655 7 |a Textbooks (secondary)  |2 SNKPHeng  |9 276359 
700 1 |a Fremal, Karol,  |d 1943-2025  |4 aut  |9 92184 
700 1 |a Chromeková, Valéria,  |d 1935-  |4 aut  |9 262719 
700 1 |a Martuliak, Pavol,  |d 1939-  |4 aut  |9 92185 
700 1 |a Matejkin, Stanislav,  |d 1943-  |4 aut  |9 183810 
919 |a 80-7158-710-9 
958 |a OND 
968 |d 37 
999 |c 1169310  |d 1171240 
952 |a SNK  |b SNK  |y PREZ  |7 0  |p 17A0531614  |o snkSB 73486/2  |i snk2006/25536  |8 0  |0 0  |1 0  |4 0  |d 2006-12-07  |l 0  |r 2025-04-28 00:00:00  |w 2026-02-24 
952 |a SNK  |b SNK  |y VYP  |7 0  |p 17A0531613  |o snkSB 73486/2 D1  |i snk2006/25537  |8 0  |0 0  |1 0  |4 0  |d 2006-12-07  |f 1  |l 0  |r 2016-06-30 00:00:00  |w 2026-02-24